|
|
|
|
| LEADER |
00000cam a2200000 7i4500 |
| 001 |
0000006638 |
| 005 |
20220105104024.0 |
| 008 |
070817 |
| 020 |
|
|
|a 9830532283(set)
|
| 020 |
|
|
|a 9830532364
|
| 090 |
0 |
0 |
|a JP
|b SC ENG (6835)
|
| 100 |
0 |
|
|a Abd.Azim Rashidi
|
| 245 |
1 |
0 |
|a Float and sink,light and dark
|c Abd.Azim Rashidi
|
| 260 |
|
|
|a Kuala Lumpur :
|b Pustaka Prinsip ,
|c 2004
|
| 440 |
|
|
|a Basic Science series
|
| 500 |
|
|
|a Children age 4-6 years old (yellow)
|
| 650 |
|
0 |
|a Readers
|x science
|
| 710 |
0 |
|
|a Title:Timbul dan tenggelam,terang dan gelap
|
| 999 |
|
|
|a 0000986185
|b Book
|c Children Collection
|e Perbadanan Perpustakaan Awam Johor
|
| 999 |
|
|
|a 0000986186
|b Book
|c Children Collection
|e Cawangan Batu Pahat
|
| 999 |
|
|
|a 0000986188
|b Book
|c Children Collection
|e Perbadanan Perpustakaan Awam Johor
|
| 999 |
|
|
|a 0000986189
|b Book
|c Children Collection
|e Cawangan Sri Merlong
|